000 00994nam a22003497a 4500
001 BR2016000616
003 BR-BrBNA
005 20230928104759.0
007 ta
008 230509b bl.||||| |||| 00| 0 por d
040 _aBR-BrBNA
_bpor
_cBiblioteca Nacional de Agricultura
041 _a(Eng, Por)
072 _aE16
_b0230
_b9320
090 _ 0230 BR2016000616
100 1 _aBeling, R.R. (ed.)
100 1 _aMuller, I.
100 1 _aKist, B.B.
100 1 _aSantos, C.E. dos
100 1 _aCarvalho, C. de
100 1 _aMendes, L.
110 1 _aGazeta Santa Cruz do Sul, Santa Cruz do Sul, RS (Brasil)
_95229
245 1 _aAnuário brasileiro da cana-de-açúcar; brazilian sugar cane yearbook 2015
260 3 _aSanta Cruz do Sul, RS (Brasil):
_c2015.
300 _a64 p.
500 _a31 illus.; 16 tables
650 _aCANA DE AÇÚCAR
650 _aCACHAÇA
650 _aAGUARDENTE
650 _aENERGIA
909 _a202309
_bLucia
_c55
_dLucia Elande
942 _cBK
999 _c81721
_d81721